Poderes de la perversión. Ensayo sobre Louis-Ferdinand Céline
Salvato in:
| Autore principale: | |
|---|---|
| Altri autori: | , |
| Natura: | Libro |
| Lingua: | inglese |
| Pubblicazione: |
Ciudad de México, México
Siglo veintiuno editores
2004
|
| Edizione: | Quinta edición |
| Soggetti: | |
| Tags: |
Aggiungi Tag
Nessun Tag, puoi essere il primo ad aggiungerne!!
|
MARC
| LEADER | 00000nam a22000007a 4500 | ||
|---|---|---|---|
| 003 | CL-VaPUC | ||
| 005 | 20210416114132.0 | ||
| 008 | 210304b ||||| |||| 00| 0 eng d | ||
| 999 | |c 432592 |d 432590 | ||
| 020 | |a 9789682315152 | ||
| 040 | |c Pontificia Universidad Católica de Valparaíso | ||
| 082 | |a 843.912 KRI 2004 | ||
| 100 | 1 | |a Kristeva, Julia |9 859901 | |
| 245 | |a Poderes de la perversión. |b Ensayo sobre Louis-Ferdinand Céline | ||
| 250 | |a Quinta edición |b en español | ||
| 260 | |a Ciudad de México, México |b Siglo veintiuno editores |c 2004 | ||
| 300 | |a 281 páginas | ||
| 500 | |a Donación | ||
| 583 | |c 20210304 |k Cristina Rojas | ||
| 600 | 0 | |9 450179 |a Céline, Louis-Ferdinand |d 1894-1961 |x Crítica e interpretación | |
| 650 | |a Perversión en literatura |9 860644 | ||
| 650 | |a Literatura francesa |9 266330 | ||
| 700 | |a Nicolás Rosa |e traductora |9 859742 | ||
| 700 | |a Ackerman, Viviana |e traductora |9 859743 | ||
| 852 | |a BIBCUR | ||
| 942 | |2 ddc |c BK | ||
| 952 | |0 0 |1 0 |2 ddc |4 0 |6 843_912000000000000_KRI_2004 |7 0 |9 577586 |a FDOPOS |b BIBEDU |d 2021-03-04 |i 5620430 |l 4 |m 6 |o 843.912 KRI 2004 |p 5620430 |q 2025-05-02 |r 2025-04-16 |s 2025-04-16 |t 1 |w 2021-03-04 |y BK |k DLH | ||